000 00225nam a22000977a 4500
999 _c263797
_d263796
020 _a0590120565
100 _aClement Moore
245 _aThe night before Christmas
260 _aNew York
_bScholastic INC
_c 1998
942 _cBK